000 01025nam a22002537a 4500
001 BD-DhSAU 7469
003 BD-DhSAU
005 20230530121846.0
008 150422b2006 bg ||||| m||m 00| 0 eng d
040 _aBD-DhSAU
082 _222
_a630
_bIs41
100 _aISLAM, MD. IFTEKHAIRUL
_eRegistration No. # 19-10183
245 _aSystem of mustard intensification as influenced by variety and vermicompost /
_bMS thesis
260 _aSher-e- Bangla Agricultural University:
_bDepartment of Agronomy,
_c2021.
300 _axi, 79p.:
_b30 cm.
500 _aMS thesis of Department of agronomy, Faculty of Agriculture , Sher-e-Bangla Agricultural University, Dhaka, Bangladesh
590 _aNamul
650 _amustard intensification
651 _avariety and vermicompost
700 _aProf. Dr. Md. Shahidul Islam
_eSuperviser
700 _aProf. Dr. Md. Abdullahil Baque
_eCo-Superviser
856 _uhttp://archive.saulibrary.edu.bd:8080/xmlui/handle/123456789/4882
942 _2ddc
_cTHESIS
999 _c16811
_d16810